000
00329nam a2200145Ia 4500
100
_a
Juszli/F.L ;Rodgers/C.A
942
_c
BK
654
_a
Maths
245
_a
Elementary Tech. Mathematics
260
_b
Prentice Hall of India
_a
NewJersey
_c
1969
082
_a
510
_b
Jus/Rod
300
_a
604
546
_a
ENGLISH
999
_c
28558
_d
28558